|
|
|
|
| LEADER |
00714nab a2200181 i 4500 |
| 001 |
acta2008 |
| 005 |
20210218122621.0 |
| 008 |
161015s1972 hu o 0|| hun d |
| 022 |
|
|
|a 1219-6762
|
| 040 |
|
|
|a SZTE Egyetemi Kiadványok Repozitórium
|b hun
|
| 041 |
|
|
|a hun
|
| 100 |
1 |
|
|a Czagány László
|
| 245 |
1 |
3 |
|a Az értékesítő tevékenység gazdasági hatékonysága a mezőgazdasági termelőszövetkezetekben
|h [elektronikus dokumentum] /
|c Czagány László
|
| 260 |
|
|
|c 1972
|
| 300 |
|
|
|a 25-39
|
| 490 |
0 |
|
|a Acta Universitatis Szegediensis de Attila József nominatae : Acta oeconomica
|v 8
|
| 695 |
|
|
|a Közgazdaságtudomány
|
| 856 |
4 |
0 |
|u http://acta.bibl.u-szeged.hu/2008/1/polgazd_008_025-039.pdf
|z Dokumentum-elérés
|